000 02049nam a2200409 i 4500
001 193610
003 SpMaBN
005 20250817063832.0
007 ta
008 240123n xxx spa
016 7 _abimoBNE19993811621
_zIND9200541330
_2SpMaBN
035 _a(OCoLC)432565586
035 _abimo0001130589
040 _aSpMaBN
_bspa
_cA2
_dES-MaACL
100 1 _aMadrazo, Pedro de,
_d1816-1898
_0XX1121281
_975340
_eaut
245 1 1 _a[Tapicería llamada del Apocalypsy : propiedad de la Corona Real de España : obra flamenca del siglo XVI /
_cpor Pedro de Madrazo].
264 1 _a[Lugar de publicación no identificado]:
_b[editor no identificado],
_c[fecha de publicación no identificada].
300 _a137 páginas, VIII hojas de láminas ;
_cFol. (45 cm)
336 _2rdacontent
_aTexto
337 _2rdamedia
_asin mediación
338 _2rdacarrier
_avolumen
500 _aTirada aparte de la publicada en el Museo español de antigüedades. MDCCCLXXX. Tomo X
510 _aCCPB,
_c000309795-1
510 _aCCPH,
_c001688330-6
594 _aTítulo y autor constan en página 1.
596 _aPalau, 146404, lo supone impreso por M. Fortanet en 1880.
599 _aLas hojas de láminas litografiadas: "D. José Vallejo lo dibujó. Domingo Martinez lo grabó", representación del tapíz.
599 _aLas hojas de láminas a doble hoja encaradas.
650 7 _aTapices flamencos
_2embne
_9167365
650 7 _aArtes decorativas
_2embne
_9135625
700 0 _9112862
_aVallejo y Galeazo, José,
_d1821-1882
_eill
700 1 _aMartínez Aparici, Domingo,
_d1822-1898
_eetr
_977862
852 _aES-MaACL
_cDEPO2
_dOlim: G-3983
_dOlim: 181A22
_jGF-111
_xEncuadernación holandesa
_fSello en tinta en portada: "Ateneo Cientifico, Literario y Artistico. Madrid. Biblioteca.
_gAnotación manuscrita en portada: "Es tirada aparte del "Museo Español de Antiguedades"
_9201080
942 _n0
_cMONANT
999 _c193610
_d193610